|
|
|
|
| LEADER |
00000nab a2200000 a 4500 |
| 001 |
vtls000522711 |
| 003 |
SK-MaSNL |
| 005 |
20260305021446.0 |
| 008 |
250425c1994 xo 0 slo |
| 015 |
|
|
|a SNBRB19rr/mm-uuuuu
|
| 035 |
|
|
|a CL0522849
|
| 035 |
|
|
|a urn:nbn:sk:snk-abdox0
|
| 035 |
|
|
|a (urnnbn)urn:nbn:sk:snk:ar-000uiy
|
| 035 |
|
|
|a (uuid)0b50afe7-d9ad-4079-aa89-9c5e66b05007
|
| 040 |
|
|
|a SNKBUCL
|b slo
|c SNKBUCL
|e AACR2
|
| 041 |
0 |
|
|a cze
|
| 044 |
|
|
|a xo
|c SK
|
| 080 |
|
|
|a 792.2
|2 1981
|
| 100 |
1 |
|
|a Fuchs, Aleš,
|d 1932-2024
|4 aut
|9 118499
|
| 245 |
1 |
0 |
|a Racek podle Lébla
|b Pražský zápisník 7
|c Aleš Fuchs
|
| 300 |
|
|
|b Fotogr. 1
|
| 600 |
1 |
7 |
|a Čechov, Anton Pavlovič,
|d 1860-1904
|t O láske
|2 snkbucl
|9 135399
|
| 610 |
2 |
7 |
|a Divadlo Na zábradlí
|2 snkbucl
|9 211557
|
| 655 |
|
7 |
|a články z novín a časopisov
|2 snkbucl
|9 267496
|
| 773 |
0 |
|
|t Javisko
|g Roč. 26, č. 7-8 (1994), s. 64
|x 0323-2883
|
| 850 |
|
|
|a Slovenská národná knižnica
|
| 852 |
|
|
|a Slovenská národná knižnica
|
| 954 |
|
|
|a odborná, vedecká literatúra cudzojazyčná (svetová)
|2 lita
|
| 954 |
|
|
|a odborná, vedecká literatúra pôvodná (slovenská)
|2 lita
|
| 958 |
|
|
|a article19
|
| 958 |
|
|
|a OND
|
| 958 |
|
|
|a RK
|
| 958 |
|
|
|a CZ
|
| 958 |
|
|
|a EUIPO
|
| 992 |
|
|
|a RBX
|
| 999 |
|
|
|c 3286021
|d 3287951
|